Uganda : (Record no. 243)

MARC details
000 -LEADER
fixed length control field 00632cam a22002051 4500
003 - CONTROL NUMBER IDENTIFIER
control field OSt
005 - DATE AND TIME OF LATEST TRANSACTION
control field 20170806122646.0
008 - FIXED-LENGTH DATA ELEMENTS--GENERAL INFORMATION
fixed length control field 751113s1966 enkb b 000 0 eng
040 ## - CATALOGING SOURCE
Original cataloging agency LDCLIB
Transcribing agency LDCLIB
082 04 - DEWEY DECIMAL CLASSIFICATION NUMBER
Classification number 342.6761
Edition number 22
Item number MOR
100 1# - MAIN ENTRY--PERSONAL NAME
Personal name Morris, H. F.
9 (RLIN) 712
245 10 - TITLE STATEMENT
Title Uganda :
Statement of responsibility, etc H. F. Morris and James S. Read.
Remainder of title the development of its laws and constitutions /
260 ## - PUBLICATION, DISTRIBUTION, ETC. (IMPRINT)
Place of publication, distribution, etc London :
Name of publisher, distributor, etc Stevens & Sons,,
Date of publication, distribution, etc 1966.
300 ## - PHYSICAL DESCRIPTION
Extent xvi, 443 p. ;
Dimensions 26 cm.
504 ## - BIBLIOGRAPHY, ETC. NOTE
Bibliography, etc Bibliography: p. 412-416.
650 #0 - SUBJECT ADDED ENTRY--TOPICAL TERM
Topical term or geographic name as entry element Constitutional law
Geographic subdivision Uganda.
9 (RLIN) 713
650 #0 - SUBJECT ADDED ENTRY--TOPICAL TERM
Topical term or geographic name as entry element Law
Geographic subdivision Uganda.
9 (RLIN) 714
700 1# - ADDED ENTRY--PERSONAL NAME
Personal name Read, James S.
9 (RLIN) 715
942 ## - ADDED ENTRY ELEMENTS (KOHA)
Source of classification or shelving scheme Dewey Decimal Classification
Koha item type Books
Holdings
Withdrawn status Lost status Source of classification or shelving scheme Damaged status Not for loan Home library Current library Shelving location Date acquired Total Checkouts Full call number Barcode Date last seen Price effective from Koha item type
    Dewey Decimal Classification     Law Development Centre Main Library Law Development Centre Main Library Text Books and Laws 04/11/2011   342.6761 MOR 09/66 04/11/2011 04/11/2011 Books
          Law Development Centre Main Library Law Development Centre Main Library Text Books and Laws 08/06/2017   342.6761 MOR 08/66 08/06/2017 08/06/2017 Books
          Law Development Centre Main Library Law Development Centre Main Library Text Books and Laws 08/06/2017   342.6761 MOR 07/66 08/06/2017 08/06/2017 Books